[Event "Hamar CC-ch"]
[Site "Hamar"]
[Date "2013.03.18"]
[Round "8"]
[White "Soberg, Anders"]
[Black "Brobakken, Sindre"]
[Result "0-1"]
[WhiteElo "876"]
[BlackElo "1390"]
[PlyCount "48"]
[EventDate "2013.01.03"]
[EventType "swiss"]
[EventRounds "9"]
[EventCountry "NOR"]
[SourceTitle "EXT 2024"]
[Source "ChessBase"]
[SourceDate "2023.10.10"]
[SourceVersion "1"]
[SourceVersionDate "2023.10.10"]
[SourceQuality "1"]

1. e4 d5 2. d4 dxe4 3. Nc3 Bf5 4. g4 Bg6 5. Bg2 Nc6 6. Nge2 e5 7. Be3 exd4 8. Nxd4 Nxd4 9. Bxd4 Nf6 10. h3 c5 11. Be3 Qa5 12. Qd2 Rd8 13. Qe2 Nd5 14. Qc4 Nxc3 15. bxc3 b5 16. Qb3 c4 17. Qb1 Qxc3+ 18. Kf1 a6 19. h4 h5 20. g5 Ba3 21. Rh3 Bf5 22. Rg3 Bb2 23. Bc1 Rd1+ 24. Ke2 Qe1# 0-1

[Event "Hamar CC-ch"]
[Site "Hamar"]
[Date "2013.01.03"]
[Round "1"]
[White "Moen, Leif Magne"]
[Black "Brobakken, Sindre"]
[Result "0-1"]
[WhiteElo "1150"]
[BlackElo "1390"]
[PlyCount "34"]
[EventDate "2013.01.03"]
[EventType "swiss"]
[EventRounds "9"]
[EventCountry "NOR"]
[SourceTitle "EXT 2024"]
[Source "ChessBase"]
[SourceDate "2023.10.10"]
[SourceVersion "1"]
[SourceVersionDate "2023.10.10"]
[SourceQuality "1"]

1. Nf3 Nf6 2. c4 d6 3. d4 Nbd7 4. Nc3 g6 5. Bf4 Bg7 6. h3 0-0 7. e4 Nh5 8. Bh2 e5 9. d5 a5 10. Be2 Nc5 11. 0-0 f5 12. exf5 Bxf5 13. g4 e4 14. Nd4 Qg5 15. Kh1 Nf4 16. Bxf4 Qxf4 17. Nxf5 gxf5 0-1

[Event "Hamar-ch A"]
[Site "Hamar"]
[Date "2012.11.01"]
[Round "5"]
[White "Brobakken, Sindre"]
[Black "Reigstad, Erlend"]
[Result "1-0"]
[WhiteElo "1424"]
[BlackElo "752"]
[PlyCount "53"]
[EventDate "2012.09.06"]
[EventType "swiss"]
[EventRounds "7"]
[EventCountry "NOR"]
[SourceTitle "EXT 2024"]
[Source "ChessBase"]
[SourceDate "2023.10.10"]
[SourceVersion "1"]
[SourceVersionDate "2023.10.10"]
[SourceQuality "1"]

1. Nf3 d5 2. g3 Nc6 3. Bg2 e5 4. d3 Nf6 5. Nbd2 Bc5 6. e4 0-0 7. 0-0 Re8 8. Re1 Ng4 9. Re2 dxe4 10. Nxe4 Bb6 11. h3 Nf6 12. Nxf6+ Qxf6 13. Bf4 Bf5 14. Nxe5 Nxe5 15. Qe1 Bxh3 16. Rxe5 Bxf2+ 17. Kxf2 Qb6+ 18. Qe3 Qxe3+ 19. Rxe3 Rxe3 20. Bxe3 Bc8 21. Re1 c6 22. Bc5 Be6 23. d4 Bxa2 24. b3 b6 25. Bxc6 Rc8 26. Bb7 Rc7 27. Re8# 1-0

[Event "Hamar CC-ch A"]
[Site "Hamar"]
[Date "2012.04.19"]
[Round "8"]
[White "Pilo, Lars"]
[Black "Brobakken, Sindre"]
[Result "1-0"]
[WhiteElo "1949"]
[BlackElo "1370"]
[PlyCount "55"]
[EventDate "2012.01.05"]
[EventType "swiss"]
[EventRounds "9"]
[EventCountry "NOR"]
[SourceTitle "EXT 2024"]
[Source "ChessBase"]
[SourceDate "2023.10.10"]
[SourceVersion "1"]
[SourceVersionDate "2023.10.10"]
[SourceQuality "1"]

1. d4 Nf6 2. c4 d6 3. Nc3 Nbd7 4. e4 g6 5. f3 Bg7 6. Be3 c6 7. Qd2 Qc7 8. Bd3 e5 9. d5 Nb6 10. Nge2 Bd7 11. b3 a6 12. Rc1 c5 13. a4 0-0 14. Bh6 Ne8 15. g4 f5 16. gxf5 gxf5 17. exf5 Bxf5 18. Ne4 Qd8 19. Kd1 Bg6 20. Bg5 Nf6 21. N2g3 Nxe4 22. Bxe4 Qe8 23. Rg1 Nd7 24. Bh6 Nf6 25. Nf5 Bxh6 26. Qxh6 Qd7 27. h4 Nh5 28. Qxh5 1-0

[Event "Hamar CC-ch A"]
[Site "Hamar"]
[Date "2012.04.12"]
[Round "7"]
[White "Skjerve, Petter"]
[Black "Brobakken, Sindre"]
[Result "0-1"]
[WhiteElo "1233"]
[BlackElo "1370"]
[PlyCount "60"]
[EventDate "2012.01.05"]
[EventType "swiss"]
[EventRounds "9"]
[EventCountry "NOR"]
[SourceTitle "EXT 2024"]
[Source "ChessBase"]
[SourceDate "2023.10.10"]
[SourceVersion "1"]
[SourceVersionDate "2023.10.10"]
[SourceQuality "1"]

1. e4 d5 2. e5 c5 3. Nf3 Nc6 4. d4 Bg4 5. Bb5 Qa5+ 6. Nc3 cxd4 7. Qxd4 Bxf3 8. gxf3 Qxb5 9. Nxb5 Nxd4 10. Nxd4 e6 11. Bd2 Bc5 12. Nb5 0-0-0 13. Bf4 a6 14. Nd6+ Bxd6 15. exd6 Nf6 16. Be5 Nh5 17. Bc3 Rxd6 18. 0-0-0 f6 19. Bd2 g6 20. Rde1 Ng7 21. Bb4 Rd7 22. Re3 e5 23. c3 Nf5 24. Rd3 d4 25. Rhd1 b6 26. Kb1 Rhd8 27. c4 Nd6 28. c5 bxc5 29. Bxc5 Nf5 30. Rc1 Rc7 0-1

[Event "Hamar CC-ch"]
[Site "Hamar"]
[Date "2011.05.12"]
[Round "3"]
[White "Brobakken, Sindre"]
[Black "Haukenes, Alise"]
[Result "0-1"]
[WhiteElo "1317"]
[BlackElo "1469"]
[PlyCount "72"]
[EventDate "2011.01.06"]
[EventType "swiss"]
[EventRounds "9"]
[EventCountry "NOR"]
[SourceTitle "EXT 2024"]
[Source "ChessBase"]
[SourceDate "2023.10.10"]
[SourceVersion "1"]
[SourceVersionDate "2023.10.10"]
[SourceQuality "1"]

1. Nf3 d5 2. g3 c6 3. Bg2 Nf6 4. d3 Bg4 5. Nbd2 Nbd7 6. 0-0 e6 7. c3 Be7 8. Qc2 0-0 9. e4 dxe4 10. dxe4 Nc5 11. h3 Bh5 12. g4 Bg6 13. Nh4 Qd3 14. Qxd3 Nxd3 15. Nxg6 hxg6 16. f4 Bc5+ 17. Kh2 Rad8 18. e5 Nd5 19. Nb3 Bb6 20. Bd2 Nxb2 21. Rab1 Nc4 22. Rbc1 Nxd2 23. Nxd2 Nxf4 24. Nc4 Nxg2 25. Kxg2 Bc5 26. Na5 Rd2+ 27. Kh1 Rxa2 28. Nxb7 Bb6 29. Nd6 Re2 30. Nc4 Rd8 31. Nd6 Rd7 32. Nc4 Rd3 33. Nxb6 Rxh3+ 34. Kg1 Rhh2 35. Rfd1 axb6 36. Kf1 Rc2 0-1

[Event "Hamar CC-ch"]
[Site "Hamar"]
[Date "2011.01.06"]
[Round "1"]
[White "Brobakken, Sindre"]
[Black "Brobakken, Geir"]
[Result "1/2-1/2"]
[WhiteElo "1317"]
[BlackElo "1731"]
[PlyCount "67"]
[EventDate "2011.01.06"]
[EventType "swiss"]
[EventRounds "9"]
[EventCountry "NOR"]
[SourceTitle "EXT 2024"]
[Source "ChessBase"]
[SourceDate "2023.10.10"]
[SourceVersion "1"]
[SourceVersionDate "2023.10.10"]
[SourceQuality "1"]

1. Nf3 d5 2. g3 g6 3. Bg2 Bg7 4. 0-0 Nf6 5. d3 Bg4 6. Nbd2 Nbd7 7. e4 dxe4 8. dxe4 e5 9. Nc4 0-0 10. h3 Bxf3 11. Bxf3 Qe7 12. Bg2 Rad8 13. Qe2 Nh5 14. Na5 Qb4 15. Qe1 Qb6 16. Nb3 c5 17. Qa5 Rc8 18. Qxb6 Nxb6 19. g4 Nf4 20. Bxf4 exf4 21. c3 Nd7 22. Rfe1 Ne5 23. f3 Nc4 24. Rab1 Rfd8 25. Bf1 Ne3 26. Be2 b6 27. Nc1 Rd2 28. Nd3 g5 29. a3 Rd8 30. Nf2 Kf8 31. Nd1 Nxd1 32. Rexd1 Ke7 33. Rxd2 Rxd2 34. Kf1 1/2-1/2

[Event "Hamar op A"]
[Site "Hamar"]
[Date "2010.09.09"]
[Round "2"]
[White "Frydendal, Odd"]
[Black "Brobakken, Sindre"]
[Result "0-1"]
[WhiteElo "1381"]
[BlackElo "1256"]
[PlyCount "68"]
[EventDate "2010.09.09"]
[EventType "swiss"]
[EventRounds "7"]
[EventCountry "NOR"]
[SourceTitle "EXT 2024"]
[Source "ChessBase"]
[SourceDate "2023.10.10"]
[SourceVersion "1"]
[SourceVersionDate "2023.10.10"]
[SourceQuality "1"]

1. b4 e5 2. Bb2 d6 3. b5 Nf6 4. a4 g6 5. e3 Bg7 6. c4 Nbd7 7. Nf3 0-0 8. Be2 e4 9. Nd4 Nc5 10. Qc2 Ne6 11. d3 Nxd4 12. Bxd4 Bf5 13. Nd2 exd3 14. Bxd3 Bxd3 15. Qxd3 b6 16. Nf3 d5 17. Rc1 Re8 18. Ne5 Ne4 19. Nc6 Qd6 20. Bxg7 Kxg7 21. cxd5 Nc5 22. Qd4+ Qf6 23. Qxf6+ Kxf6 24. Rc4 g5 25. Ke2 a6 26. h4 h6 27. hxg5+ hxg5 28. Kf3 axb5 29. axb5 Nb3 30. Kg4 Nd2 31. Rb4 Ne4 32. Rf1 Nc3 33. f4 Nxd5 34. fxg5+ Kg6 0-1

[Event "Nord Odal Sommer GP B"]
[Site "Sagstua"]
[Date "2010.06.12"]
[Round "3"]
[White "Amarapala, Sherington"]
[Black "Brobakken, Sindre"]
[Result "1-0"]
[WhiteElo "1262"]
[BlackElo "1165"]
[PlyCount "61"]
[EventDate "2010.06.12"]
[EventType "swiss"]
[EventRounds "5"]
[EventCountry "NOR"]
[SourceTitle "EXT 2024"]
[Source "ChessBase"]
[SourceDate "2023.10.10"]
[SourceVersion "1"]
[SourceVersionDate "2023.10.10"]
[SourceQuality "1"]

1. e4 d5 2. exd5 Qxd5 3. Nc3 Qa5 4. d4 c6 5. Nf3 Bg4 6. Be2 e6 7. 0-0 Bd6 8. Ne4 Be7 9. Ne5 Bf5 10. Ng3 Bg6 11. Bf4 Nf6 12. Nc4 Qd8 13. c3 Nd5 14. Bd2 Nd7 15. Ne3 Nf4 16. Bc4 Nb6 17. Bb3 Bd3 18. Re1 Ba6 19. Qg4 Ng6 20. Ne2 Bxe2 21. Qxe2 0-0 22. Ng4 Nd5 23. Ne5 Nxe5 24. dxe5 Bg5 25. Rad1 Bxd2 26. Rxd2 Nf4 27. Qe3 Qg5 28. g3 Nh3+ 29. Kg2 Qxe3 30. Rxe3 Ng5 31. f4 1-0

[Event "Nord Odal Sommer GP B"]
[Site "Sagstua"]
[Date "2010.06.12"]
[Round "1"]
[White "Hauge, Daniel Steen"]
[Black "Brobakken, Sindre"]
[Result "0-1"]
[WhiteElo "1232"]
[BlackElo "1165"]
[PlyCount "80"]
[EventDate "2010.06.12"]
[EventType "swiss"]
[EventRounds "5"]
[EventCountry "NOR"]
[SourceTitle "EXT 2024"]
[Source "ChessBase"]
[SourceDate "2023.10.10"]
[SourceVersion "1"]
[SourceVersionDate "2023.10.10"]
[SourceQuality "1"]

1. d4 Nf6 2. Nf3 g6 3. c4 Bg7 4. Nc3 d6 5. e3 Nbd7 6. Be2 0-0 7. 0-0 Re8 8. Re1 e5 9. dxe5 Nxe5 10. Nxe5 Rxe5 11. Qb3 Ne4 12. Nxe4 Rxe4 13. Bf3 Re8 14. Bxb7 Rb8 15. Qa3 Rxb7 16. Rb1 Bf5 17. Ra1 Be6 18. Qa6 Qb8 19. Rb1 Bf5 20. Ra1 Bxb2 21. Bxb2 Rxb2 22. a4 Qb6 23. Qxb6 Rxb6 24. Rec1 Reb8 25. h3 Rb1 26. Raxb1 Rxb1 27. Rxb1 Bxb1 28. Kf1 Bd3+ 29. Ke1 Bxc4 30. Kd2 Bb3 31. a5 Ba4 32. Kc3 Kg7 33. e4 f5 34. exf5 gxf5 35. g4 fxg4 36. hxg4 Kg6 37. f4 Bd7 38. f5+ Kg5 39. Kd4 Kxg4 40. f6 Be6 0-1

[Event "Hamar CC-ch"]
[Site "Hamar"]
[Date "2010.04.08"]
[Round "7"]
[White "Woldstad, Trym"]
[Black "Brobakken, Sindre"]
[Result "1-0"]
[WhiteElo "1286"]
[BlackElo "1080"]
[PlyCount "53"]
[EventDate "2010.01.07"]
[EventType "swiss"]
[EventRounds "9"]
[EventCountry "NOR"]
[SourceTitle "EXT 2024"]
[Source "ChessBase"]
[SourceDate "2023.10.10"]
[SourceVersion "1"]
[SourceVersionDate "2023.10.10"]
[SourceQuality "1"]

1. d4 Nf6 2. c4 d6 3. Nc3 Nbd7 4. Nf3 e5 5. Bg5 g6 6. dxe5 dxe5 7. Nxe5 Bg7 8. Nf3 0-0 9. e3 c6 10. Be2 Qc7 11. 0-0 Ne5 12. Bf4 Nxf3+ 13. Bxf3 Qd7 14. Qc2 Qf5 15. Qe2 Be6 16. Rfd1 Qc5 17. Bd6 Qxc4 18. Qxc4 Bxc4 19. Bxf8 Kxf8 20. Rac1 Be6 21. a3 Bb3 22. Rd3 Bc4 23. Rd4 Be6 24. Rcd1 Bb3 25. Rd8+ Rxd8 26. Rxd8+ Ke7 27. Rb8 1-0

[Event "Hamar op"]
[Site "Hamar"]
[Date "2009.10.15"]
[Round "4"]
[White "Brobakken, Sindre"]
[Black "Rodvik, Trym Daniel"]
[Result "0-1"]
[WhiteElo "980"]
[BlackElo "1344"]
[PlyCount "82"]
[EventDate "2009.09.03"]
[EventType "swiss"]
[EventRounds "7"]
[EventCountry "NOR"]
[SourceTitle "EXT 2024"]
[Source "ChessBase"]
[SourceDate "2023.10.10"]
[SourceVersion "1"]
[SourceVersionDate "2023.10.10"]
[SourceQuality "1"]

1. Nf3 d5 2. d3 Bf5 3. Nbd2 Nf6 4. g3 e6 5. Bg2 Nbd7 6. 0-0 Bd6 7. Re1 e5 8. e4 dxe4 9. dxe4 Bg6 10. Nc4 Qe7 11. Nh4 Bc5 12. Nf5 Bxf5 13. exf5 0-0-0 14. Qf3 c6 15. Bf4 Bd6 16. Nxd6+ Qxd6 17. Rad1 Qc7 18. Be3 Kb8 19. b4 Nd5 20. Bxa7+ Kxa7 21. Qa3+ Kb8 22. Bxd5 cxd5 23. Rxd5 f6 24. Ra5 Nb6 25. Rc5 Qd6 26. c4 Rc8 27. Rxc8+ Rxc8 28. c5 Qd2 29. Rc1 Nc4 30. Qc3 Qxc3 31. Rxc3 Nd2 32. Rc2 Nf3+ 33. Kg2 Nd4 34. Rd2 Nxf5 35. Rd7 Rc7 36. Rd8+ Ka7 37. a4 Nd4 38. Rd5 b6 39. cxb6+ Kxb6 40. a5+ Ka6 41. Rd6+ Nc6 0-1

[Event "Hamar op"]
[Site "Hamar"]
[Date "2009.09.10"]
[Round "2"]
[White "Brobakken, Sindre"]
[Black "Woldstad, Trym"]
[Result "1-0"]
[WhiteElo "980"]
[BlackElo "1174"]
[PlyCount "161"]
[EventDate "2009.09.03"]
[EventType "swiss"]
[EventRounds "7"]
[EventCountry "NOR"]
[SourceTitle "EXT 2024"]
[Source "ChessBase"]
[SourceDate "2023.10.10"]
[SourceVersion "1"]
[SourceVersionDate "2023.10.10"]
[SourceQuality "1"]

1. Nf3 d5 2. d3 c5 3. Nbd2 Nf6 4. e4 Qc7 5. g3 Nc6 6. Bg2 Bg4 7. 0-0 e6 8. c3 dxe4 9. dxe4 Rd8 10. Qc2 Be7 11. Re1 Bh5 12. Nc4 b5 13. Bf4 Qb7 14. Nce5 Nxe5 15. Nxe5 Bd6 16. Nxf7 Qxf7 17. e5 Bxe5 18. Rxe5 0-0 19. Rae1 Nd5 20. Bg5 Bg6 21. Qe2 Nf6 22. Bxf6 Bd3 23. Qe3 Qxf6 24. Rxe6 Qf5 25. Re5 Qf6 26. Qxc5 Rd7 27. Bh3 Rd6 28. Qxa7 Rb6 29. f4 Bc4 30. Rf5 Qd6 31. Rxf8+ Kxf8 32. Qa8+ Rb8 33. Qe4 Qc5+ 34. Qe3 Qd6 35. Qe5 Qb6+ 36. Qd4 Qc7 37. Re5 Rd8 38. Rf5+ Kg8 39. Qe3 Rd1+ 40. Kf2 Qd8 41. Re5 Rd2+ 42. Kg1 Rd1+ 43. Bf1 Rxf1+ 44. Kg2 Qa8+ 45. Kh3 Qc8+ 46. f5 Rxf5 47. Re8+ Rf8+ 48. Rxc8 Rxc8 49. b3 Bf1+ 50. Kh4 Kh8 51. a4 h6 52. a5 Kh7 53. Qe4+ Kh8 54. a6 b4 55. c4 Bxc4 56. bxc4 Rc7 57. Qa8+ Kh7 58. Qb8 Rxc4+ 59. Kh3 g5 60. Qb7+ Kg6 61. Qb6+ Kh5 62. a7 g4+ 63. Kg2 Rc2+ 64. Qf2 b3 65. a8Q Rxf2+ 66. Kxf2 b2 67. Qa5+ Kg6 68. Qb6+ Kg5 69. Qxb2 h5 70. Qg7+ Kf5 71. Qh6 Ke4 72. Qxh5 Kd3 73. Qxg4 Kd2 74. Qd4+ Kc2 75. Ke2 Kb3 76. Qc5 Kb2 77. Kd2 Kb3 78. Kc1 Ka4 79. Qb6 Ka3 80. Qb5 Ka2 81. Qb2# 1-0

[Event "Hamar CC-ch"]
[Site "Hamar"]
[Date "2009.03.05"]
[Round "5"]
[White "Brobakken, Sindre"]
[Black "Holm, Ragnar"]
[Result "0-1"]
[WhiteElo "884"]
[BlackElo "2042"]
[PlyCount "46"]
[EventDate "2009.01.08"]
[EventType "swiss"]
[EventRounds "9"]
[EventCountry "NOR"]
[SourceTitle "EXT 2024"]
[Source "ChessBase"]
[SourceDate "2023.10.10"]
[SourceVersion "1"]
[SourceVersionDate "2023.10.10"]
[SourceQuality "1"]

1. Nf3 c5 2. g3 Nc6 3. Bg2 d5 4. d3 Nf6 5. Nbd2 e5 6. e4 Be7 7. c3 0-0 8. 0-0 dxe4 9. dxe4 b6 10. Qc2 Ba6 11. Re1 Qc7 12. Nf1 Rfd8 13. Be3 Bd3 14. Qc1 Bxe4 15. Rd1 Rac8 16. N1d2 Bd3 17. Bf1 e4 18. Ne1 Qe5 19. Nxd3 exd3 20. Nc4 Qf5 21. Qd2 b5 22. Na3 Ne5 23. f4 Nf3+ 0-1

[Event "Hamar CC-ch"]
[Site "Hamar"]
[Date "2009.01.22"]
[Round "2"]
[White "Brobakken, Sindre"]
[Black "Woldstad, Trym"]
[Result "1/2-1/2"]
[WhiteElo "884"]
[BlackElo "1145"]
[PlyCount "73"]
[EventDate "2009.01.08"]
[EventType "swiss"]
[EventRounds "9"]
[EventCountry "NOR"]
[SourceTitle "EXT 2024"]
[Source "ChessBase"]
[SourceDate "2023.10.10"]
[SourceVersion "1"]
[SourceVersionDate "2023.10.10"]
[SourceQuality "1"]

1. Nf3 d5 2. g3 Nf6 3. Bg2 e6 4. 0-0 Be7 5. d3 0-0 6. Nbd2 b6 7. e4 dxe4 8. dxe4 Bb7 9. Re1 Qc8 10. c3 Rd8 11. Qc2 Na6 12. Nd4 Nc5 13. f4 Qd7 14. b4 Na6 15. a3 c5 16. bxc5 Bxc5 17. N2b3 Rac8 18. e5 Ne8 19. Nxc5 Nxc5 20. Be3 Na4 21. Ne2 Bxg2 22. Kxg2 Nxc3 23. Nxc3 Qc6+ 24. Qe4 Qxc3 25. Rec1 Qb2+ 26. Kg1 Qb5 27. Qb4 Rxc1+ 28. Rxc1 Qd3 29. Bf2 g6 30. a4 Qd2 31. Qxd2 Rxd2 32. a5 Rb2 33. axb6 axb6 34. Rc8 Kf8 35. Rb8 Ke7 36. Bc5+ Kd7 37. Rxb6 1/2-1/2